000 00427nam a2200121Ia 4500
008 220620s9999||||xx |||||||||||||| ||und||
245 0 _a21st Century Surface Science
_ba Handbook
546 _aEnglish[eng]
650 _aSurface chemistry & adsorption
700 _aPham, Phuong||Goel, Pratibha||Kumar, Samir||Yadav, Kavita
856 _uhttps://mts.intechopen.com/storage/books/10061/authors_book/authors_book.pdf
942 _cEB
999 _c28306
_d28306